000 01148cad a22002895a 4500
001 L158283
002 19965
008 130206s2014 xxk f 000 0 eng d
020 _a9781783210725
035 _a(Sirsi) u158283
041 0 _aeng
110 2 _aRoyal Institution of Chartered Surveyors
_94900
245 _aMediation
_h[electronic resource]
250 _a1st ed
260 _aLondon
_bRICS
_c2014
300 _a26p
490 0 _aRICS Guidance Note
520 _aThis guidance note is intended for surveyors advising clients in relation to a dispute and gives guidance on when mediation should be considered, how it works, the benefits of mediating over litigating, and the consequences if parties do not mediate.
590 _aKA
650 2 4 _aPRACTICE DIRECTION ON PRE-ACTION CONDUCT 2009
650 2 4 _aCIVIL PROCEDURE RULES
650 2 4 _aHALSEY V MILTON KEYNES GENERAL NHS TRUST
651 4 _aUnited Kingdom
_y
690 _aDispute resolution
_96236
856 4 0 _uhttps://www.rics.org/Global/Mediation_1st_edition_PGguidance_2014.pdf
_zView the guidance free of charge (member-only content) at www.rics.org
942 _n0
999 _c115244
_d115244